Physics symbol meanings - Statistics

General Stats
  • This quiz has been taken 463 times
  • The average score is 18 of 48
Answer Stats
Hint # Answer % Correct
G 4 Electrical Conductance / Gravitational Constant / Shear Modulus / Gluon Field Strength
78%
F 2 Force / Faraday's constant
76%
m 1 Mass
75%
E 3 Electric Field / Energy / Young's Modulus
74%
a 1 Acceleration
65%
d 5 Distance / Direction / Impact Parameter / Differential / Diameter
63%
I 4 Action / Intensity / Electric Current / Moment of Inertia
61%
Q 3 Charge / Heat / Reactive Power
61%
v 1 Velocity
61%
i 4 Intensity / Imaginary / Current / Cartesian Unit Vector
57%
t 1 Time
57%
h 2 Height / Planck's constant
55%
D 1 Electric Displacement Field / Density / Diameter
52%
c 4 Speed of Light / Heat Capacity / Damping Coefficient / Constant of Integration
52%
q 1 Charge
50%
A 4 Magnetic Vector Potential / Area / Amplitude / Atomic Mass Number
50%
V 2 Voltage / Volume
47%
f 3 Frequency / Function / Friction
46%
p 2 Pressure / Momentum
44%
B 1 Magnetic Flux Density
43%
r 1 Radius
43%
l 1 Length
41%
M 2 Magnetisation / Moment / Torque
40%
T 2 Period / Temperature
39%
P 2 Power / Probability
39%
x 3 Displacement / Variable / Position
38%
e 4 Eccentricity / Euler's Number / electron / Elementary Charge
38%
g 2 Force of Gravity / Acceleration due to Gravity
37%
R 4 Resistance / Radiancy / Gas Constant / Ricci Tensor
31%
s 2 Displacement / Arc Length
28%
C 3 Capacitance / Heat Capacity / Constant of Integration
26%
n 3 Refractive index / Amount of substance / Number
26%
K 1 Kinetic Energy
25%
W 2 Weight / Mechanical Work
22%
L 4 Angular Momentum / Inductance / Luminosity / Langrangian
20%
J 2 Current Density / Impulse
20%
k 5 Wave Vector / Boltzmann constant / Wavenumber / Stiffness / Cartesian unit vector
19%
S 4 Surface Area / Entropy / Action / Apparent Power
14%
X 3 Electrical Reactance / Unknown / Position
12%
u 4 Initial Velocity / Relavtivistic Mass / Energy Density / Specific Energy
12%
Y 2 Admittance / Position
10%
H 3 Hamiltonian / Enthalpy / Thermal Current
10%
j 2 Jerk / Cartesian Unit Vector
10%
y 1 Position
10%
N 2 Normal Vector / Atomic Number
6%
w 1 Width
6%
U 2 Four-velocity / Internal Energy
4%
Z 2 Compressability Factor / Electrical Impedance
0%
No matching quizzes found
Score Distribution
Percent of People with Each Score
Percentile by Number Answered
Your Score History
You have not taken this quiz